<?xml version="1.0" encoding="UTF-8"?>
<collection xmlns="http://www.loc.gov/MARC21/slim">
 <record>
  <leader>03760aam a22004218a 4500</leader>
  <controlfield tag="001">NCT_17827</controlfield>
  <controlfield tag="008">140704s2014                  ||||||viesd</controlfield>
  <datafield tag="999" ind1=" " ind2=" ">
   <subfield code="c">846</subfield>
   <subfield code="d">846</subfield>
  </datafield>
  <datafield tag="020" ind1=" " ind2=" ">
   <subfield code="a">9786049190469</subfield>
   <subfield code="c">35000</subfield>
  </datafield>
  <datafield tag="082" ind1="0" ind2="4">
   <subfield code="2">23</subfield>
   <subfield code="a">621.367</subfield>
   <subfield code="b">M.312</subfield>
  </datafield>
  <datafield tag="100" ind1="1" ind2=" ">
   <subfield code="a">Võ Quang Minh</subfield>
   <subfield code="e">Chủ biên</subfield>
  </datafield>
  <datafield tag="245" ind1="1" ind2="0">
   <subfield code="a">Giáo trình viễn thám ứng dụng</subfield>
   <subfield code="c">Võ Quang Minh (chủ biên), Huỳnh Thị Thu Hương, Phan Kiều Diễm</subfield>
  </datafield>
  <datafield tag="260" ind1=" " ind2=" ">
   <subfield code="a">Cần Thơ</subfield>
   <subfield code="b">Nxb. Đại học Cần Thơ</subfield>
   <subfield code="c">2014</subfield>
  </datafield>
  <datafield tag="300" ind1=" " ind2=" ">
   <subfield code="a">231tr.</subfield>
   <subfield code="b">minh hoạ</subfield>
   <subfield code="c">24cm</subfield>
  </datafield>
  <datafield tag="520" ind1="3" ind2=" ">
   <subfield code="a">Giới thiệu khái quát về viễn thám, các phương pháp xử lý ảnh viễn thám, viễn thám ứng dụng trong tài nguyên môi trường</subfield>
  </datafield>
  <datafield tag="653" ind1=" " ind2=" ">
   <subfield code="a">Quản lý đất đai</subfield>
  </datafield>
  <datafield tag="655" ind1=" " ind2="7">
   <subfield code="a">Giáo trình</subfield>
  </datafield>
  <datafield tag="700" ind1="1" ind2=" ">
   <subfield code="a">Phan Kiều Diễm</subfield>
  </datafield>
  <datafield tag="700" ind1="1" ind2=" ">
   <subfield code="a">Huỳnh Thị Thu Hương</subfield>
  </datafield>
  <datafield tag="942" ind1=" " ind2=" ">
   <subfield code="2">ddc</subfield>
   <subfield code="c">BK</subfield>
  </datafield>
  <datafield tag="952" ind1=" " ind2=" ">
   <subfield code="0">0</subfield>
   <subfield code="1">0</subfield>
   <subfield code="2">ddc</subfield>
   <subfield code="4">0</subfield>
   <subfield code="6">621_367000000000000_M312</subfield>
   <subfield code="7">0</subfield>
   <subfield code="9">4291</subfield>
   <subfield code="a">000001</subfield>
   <subfield code="b">000001</subfield>
   <subfield code="d">2017-11-25</subfield>
   <subfield code="o">621.367 M312</subfield>
   <subfield code="p">MD.04411</subfield>
   <subfield code="r">2017-11-25</subfield>
   <subfield code="v">35000.00</subfield>
   <subfield code="w">2017-11-25</subfield>
   <subfield code="y">BK</subfield>
  </datafield>
  <datafield tag="952" ind1=" " ind2=" ">
   <subfield code="0">0</subfield>
   <subfield code="1">0</subfield>
   <subfield code="2">ddc</subfield>
   <subfield code="4">0</subfield>
   <subfield code="6">621_367000000000000_M312</subfield>
   <subfield code="7">0</subfield>
   <subfield code="9">4292</subfield>
   <subfield code="a">000001</subfield>
   <subfield code="b">000001</subfield>
   <subfield code="d">2017-11-25</subfield>
   <subfield code="o">621.367 M312</subfield>
   <subfield code="p">MD.04412</subfield>
   <subfield code="r">2017-11-25</subfield>
   <subfield code="v">35000.00</subfield>
   <subfield code="w">2017-11-25</subfield>
   <subfield code="y">BK</subfield>
  </datafield>
  <datafield tag="952" ind1=" " ind2=" ">
   <subfield code="0">0</subfield>
   <subfield code="1">0</subfield>
   <subfield code="2">ddc</subfield>
   <subfield code="4">0</subfield>
   <subfield code="6">621_367000000000000_M312</subfield>
   <subfield code="7">0</subfield>
   <subfield code="9">4293</subfield>
   <subfield code="a">000001</subfield>
   <subfield code="b">000001</subfield>
   <subfield code="d">2017-11-25</subfield>
   <subfield code="o">621.367 M312</subfield>
   <subfield code="p">MD.04413</subfield>
   <subfield code="r">2017-11-25</subfield>
   <subfield code="v">35000.00</subfield>
   <subfield code="w">2017-11-25</subfield>
   <subfield code="y">BK</subfield>
  </datafield>
  <datafield tag="952" ind1=" " ind2=" ">
   <subfield code="0">0</subfield>
   <subfield code="1">0</subfield>
   <subfield code="2">ddc</subfield>
   <subfield code="4">0</subfield>
   <subfield code="6">621_367000000000000_M312</subfield>
   <subfield code="7">0</subfield>
   <subfield code="9">4294</subfield>
   <subfield code="a">000001</subfield>
   <subfield code="b">000001</subfield>
   <subfield code="d">2017-11-25</subfield>
   <subfield code="l">1</subfield>
   <subfield code="o">621.367 M312</subfield>
   <subfield code="p">MD.04414</subfield>
   <subfield code="r">2020-08-27</subfield>
   <subfield code="s">2020-08-12</subfield>
   <subfield code="v">35000.00</subfield>
   <subfield code="w">2017-11-25</subfield>
   <subfield code="y">BK</subfield>
  </datafield>
  <datafield tag="952" ind1=" " ind2=" ">
   <subfield code="0">0</subfield>
   <subfield code="1">0</subfield>
   <subfield code="2">ddc</subfield>
   <subfield code="4">0</subfield>
   <subfield code="6">621_367000000000000_M312</subfield>
   <subfield code="7">0</subfield>
   <subfield code="9">4295</subfield>
   <subfield code="a">000001</subfield>
   <subfield code="b">000001</subfield>
   <subfield code="d">2017-11-25</subfield>
   <subfield code="l">1</subfield>
   <subfield code="o">621.367 M312</subfield>
   <subfield code="p">MD.04415</subfield>
   <subfield code="r">2020-10-16</subfield>
   <subfield code="s">2020-10-12</subfield>
   <subfield code="v">35000.00</subfield>
   <subfield code="w">2017-11-25</subfield>
   <subfield code="y">BK</subfield>
  </datafield>
  <datafield tag="952" ind1=" " ind2=" ">
   <subfield code="0">0</subfield>
   <subfield code="1">0</subfield>
   <subfield code="2">ddc</subfield>
   <subfield code="4">0</subfield>
   <subfield code="6">621_367000000000000_M312</subfield>
   <subfield code="7">0</subfield>
   <subfield code="9">4296</subfield>
   <subfield code="a">000001</subfield>
   <subfield code="b">000001</subfield>
   <subfield code="d">2017-11-25</subfield>
   <subfield code="l">1</subfield>
   <subfield code="o">621.367 M312</subfield>
   <subfield code="p">MD.04416</subfield>
   <subfield code="r">2018-01-24</subfield>
   <subfield code="s">2017-12-21</subfield>
   <subfield code="v">35000.00</subfield>
   <subfield code="w">2017-11-25</subfield>
   <subfield code="y">BK</subfield>
  </datafield>
  <datafield tag="952" ind1=" " ind2=" ">
   <subfield code="0">0</subfield>
   <subfield code="1">0</subfield>
   <subfield code="2">ddc</subfield>
   <subfield code="4">0</subfield>
   <subfield code="6">621_367000000000000_M312</subfield>
   <subfield code="7">0</subfield>
   <subfield code="9">4297</subfield>
   <subfield code="a">000001</subfield>
   <subfield code="b">000001</subfield>
   <subfield code="d">2017-11-25</subfield>
   <subfield code="l">3</subfield>
   <subfield code="o">621.367 M312</subfield>
   <subfield code="p">MD.04417</subfield>
   <subfield code="r">2020-09-18</subfield>
   <subfield code="s">2020-09-04</subfield>
   <subfield code="v">35000.00</subfield>
   <subfield code="w">2017-11-25</subfield>
   <subfield code="y">BK</subfield>
  </datafield>
  <datafield tag="952" ind1=" " ind2=" ">
   <subfield code="0">0</subfield>
   <subfield code="1">0</subfield>
   <subfield code="2">ddc</subfield>
   <subfield code="4">0</subfield>
   <subfield code="6">621_367000000000000_M312</subfield>
   <subfield code="7">0</subfield>
   <subfield code="9">4298</subfield>
   <subfield code="a">000001</subfield>
   <subfield code="b">000001</subfield>
   <subfield code="d">2017-11-25</subfield>
   <subfield code="l">3</subfield>
   <subfield code="o">621.367 M312</subfield>
   <subfield code="p">MD.04418</subfield>
   <subfield code="r">2020-09-18</subfield>
   <subfield code="s">2020-09-04</subfield>
   <subfield code="v">35000.00</subfield>
   <subfield code="w">2017-11-25</subfield>
   <subfield code="y">BK</subfield>
  </datafield>
  <datafield tag="952" ind1=" " ind2=" ">
   <subfield code="0">0</subfield>
   <subfield code="1">0</subfield>
   <subfield code="2">ddc</subfield>
   <subfield code="4">0</subfield>
   <subfield code="6">621_367000000000000_M312</subfield>
   <subfield code="7">0</subfield>
   <subfield code="9">4299</subfield>
   <subfield code="a">000001</subfield>
   <subfield code="b">000001</subfield>
   <subfield code="d">2017-11-25</subfield>
   <subfield code="l">5</subfield>
   <subfield code="o">621.367 M312</subfield>
   <subfield code="p">MD.04419</subfield>
   <subfield code="r">2020-09-07</subfield>
   <subfield code="s">2020-08-14</subfield>
   <subfield code="v">35000.00</subfield>
   <subfield code="w">2017-11-25</subfield>
   <subfield code="y">BK</subfield>
  </datafield>
  <datafield tag="952" ind1=" " ind2=" ">
   <subfield code="0">0</subfield>
   <subfield code="1">0</subfield>
   <subfield code="2">ddc</subfield>
   <subfield code="4">0</subfield>
   <subfield code="6">621_367000000000000_M312</subfield>
   <subfield code="7">0</subfield>
   <subfield code="9">4300</subfield>
   <subfield code="a">000001</subfield>
   <subfield code="b">000001</subfield>
   <subfield code="d">2017-11-25</subfield>
   <subfield code="l">3</subfield>
   <subfield code="o">621.367 M312</subfield>
   <subfield code="p">MD.04420</subfield>
   <subfield code="r">2020-08-27</subfield>
   <subfield code="s">2020-08-14</subfield>
   <subfield code="v">35000.00</subfield>
   <subfield code="w">2017-11-25</subfield>
   <subfield code="y">BK</subfield>
  </datafield>
  <datafield tag="952" ind1=" " ind2=" ">
   <subfield code="0">0</subfield>
   <subfield code="1">0</subfield>
   <subfield code="2">ddc</subfield>
   <subfield code="4">0</subfield>
   <subfield code="6">621_367000000000000_M312</subfield>
   <subfield code="7">0</subfield>
   <subfield code="9">4301</subfield>
   <subfield code="a">000001</subfield>
   <subfield code="b">000001</subfield>
   <subfield code="d">2017-11-25</subfield>
   <subfield code="l">1</subfield>
   <subfield code="o">621.367 M312</subfield>
   <subfield code="p">MD.04421</subfield>
   <subfield code="r">2020-10-08</subfield>
   <subfield code="s">2020-09-23</subfield>
   <subfield code="v">35000.00</subfield>
   <subfield code="w">2017-11-25</subfield>
   <subfield code="y">BK</subfield>
  </datafield>
  <datafield tag="952" ind1=" " ind2=" ">
   <subfield code="0">0</subfield>
   <subfield code="1">0</subfield>
   <subfield code="2">ddc</subfield>
   <subfield code="4">0</subfield>
   <subfield code="6">621_367000000000000_M312</subfield>
   <subfield code="7">0</subfield>
   <subfield code="9">4302</subfield>
   <subfield code="a">000001</subfield>
   <subfield code="b">000001</subfield>
   <subfield code="d">2017-11-25</subfield>
   <subfield code="l">2</subfield>
   <subfield code="o">621.367 M312</subfield>
   <subfield code="p">MD.04422</subfield>
   <subfield code="r">2019-09-27</subfield>
   <subfield code="s">2019-08-21</subfield>
   <subfield code="v">35000.00</subfield>
   <subfield code="w">2017-11-25</subfield>
   <subfield code="y">BK</subfield>
  </datafield>
  <datafield tag="952" ind1=" " ind2=" ">
   <subfield code="0">0</subfield>
   <subfield code="1">0</subfield>
   <subfield code="2">ddc</subfield>
   <subfield code="4">0</subfield>
   <subfield code="6">621_367000000000000_M312</subfield>
   <subfield code="7">0</subfield>
   <subfield code="9">4303</subfield>
   <subfield code="a">000001</subfield>
   <subfield code="b">000001</subfield>
   <subfield code="d">2017-11-25</subfield>
   <subfield code="l">1</subfield>
   <subfield code="o">621.367 M312</subfield>
   <subfield code="p">MD.04423</subfield>
   <subfield code="r">2020-09-07</subfield>
   <subfield code="s">2020-08-17</subfield>
   <subfield code="v">35000.00</subfield>
   <subfield code="w">2017-11-25</subfield>
   <subfield code="y">BK</subfield>
  </datafield>
  <datafield tag="952" ind1=" " ind2=" ">
   <subfield code="0">0</subfield>
   <subfield code="1">0</subfield>
   <subfield code="2">ddc</subfield>
   <subfield code="4">0</subfield>
   <subfield code="6">621_367000000000000_M312</subfield>
   <subfield code="7">0</subfield>
   <subfield code="9">4304</subfield>
   <subfield code="a">000001</subfield>
   <subfield code="b">000001</subfield>
   <subfield code="d">2017-11-25</subfield>
   <subfield code="l">1</subfield>
   <subfield code="o">621.367 M312</subfield>
   <subfield code="p">MD.04424</subfield>
   <subfield code="r">2020-08-28</subfield>
   <subfield code="s">2020-08-14</subfield>
   <subfield code="v">35000.00</subfield>
   <subfield code="w">2017-11-25</subfield>
   <subfield code="y">BK</subfield>
  </datafield>
  <datafield tag="952" ind1=" " ind2=" ">
   <subfield code="0">0</subfield>
   <subfield code="1">0</subfield>
   <subfield code="2">ddc</subfield>
   <subfield code="4">0</subfield>
   <subfield code="6">621_367000000000000_M312</subfield>
   <subfield code="7">0</subfield>
   <subfield code="9">4305</subfield>
   <subfield code="a">000001</subfield>
   <subfield code="b">000001</subfield>
   <subfield code="d">2017-11-25</subfield>
   <subfield code="o">621.367 M312</subfield>
   <subfield code="p">MD.04426</subfield>
   <subfield code="r">2017-11-25</subfield>
   <subfield code="v">35000.00</subfield>
   <subfield code="w">2017-11-25</subfield>
   <subfield code="y">BK</subfield>
  </datafield>
  <datafield tag="952" ind1=" " ind2=" ">
   <subfield code="0">0</subfield>
   <subfield code="1">0</subfield>
   <subfield code="2">ddc</subfield>
   <subfield code="4">0</subfield>
   <subfield code="6">621_367000000000000_M312</subfield>
   <subfield code="7">0</subfield>
   <subfield code="9">4306</subfield>
   <subfield code="a">000001</subfield>
   <subfield code="b">000001</subfield>
   <subfield code="d">2017-11-25</subfield>
   <subfield code="o">621.367 M312</subfield>
   <subfield code="p">MD.04427</subfield>
   <subfield code="r">2017-11-25</subfield>
   <subfield code="v">35000.00</subfield>
   <subfield code="w">2017-11-25</subfield>
   <subfield code="y">BK</subfield>
  </datafield>
  <datafield tag="952" ind1=" " ind2=" ">
   <subfield code="0">0</subfield>
   <subfield code="1">0</subfield>
   <subfield code="2">ddc</subfield>
   <subfield code="4">0</subfield>
   <subfield code="6">621_367000000000000_M312</subfield>
   <subfield code="7">0</subfield>
   <subfield code="9">4307</subfield>
   <subfield code="a">000001</subfield>
   <subfield code="b">000001</subfield>
   <subfield code="d">2017-11-25</subfield>
   <subfield code="l">2</subfield>
   <subfield code="m">1</subfield>
   <subfield code="o">621.367 M312</subfield>
   <subfield code="p">MD.04428</subfield>
   <subfield code="r">2018-12-06</subfield>
   <subfield code="s">2018-11-22</subfield>
   <subfield code="v">35000.00</subfield>
   <subfield code="w">2017-11-25</subfield>
   <subfield code="y">BK</subfield>
  </datafield>
  <datafield tag="980" ind1=" " ind2=" ">
   <subfield code="a">Thư viện Trường Đại học Nam Cần Thơ</subfield>
  </datafield>
 </record>
</collection>
